000 00667nam a22002057a 4500
003 OSt
005 20210501122152.0
008 210210s2011 ||||| |||| 00| 0 eng d
020 _a9781427736109
020 _a1427736103
040 _aeng
_beng
_cDLC
041 _aeng
080 _a336
_bK-20
245 _aExecution, Monitoring, and Rebalancing; Evaluation and Attribution; and Global Investment Performance Standards (GIPS)
_b: SchweserNotes for the CFA Exam / Level III / Book 5
_c/ by: Kaplan Schweser
260 _aUSA
_bKaplan Schweser
_c2011
300 _a276 p.
_bill.
650 0 _9454
_aFinances
653 _aფინანსები
942 _2udc
_cBK
999 _c1294
_d1294